| 000 | 01208cam a2200289 4500 | ||
|---|---|---|---|
| 008 | 050317n2001 000 0 eng u | ||
| 020 | _a185261336X | ||
| 035 | _a(Sirsi) u129099 | ||
| 041 | _aeng | ||
| 050 |
_a306.1 _c18 |
||
| 110 |
_aThree Dragons _94680 |
||
| 245 |
_aAffordable housing in London _ba report for the Greater London Authority |
||
| 260 |
_aLondon _bGLA _c2001 |
||
| 490 | _aGLA Spatial Development Strategy Technical Report | ||
| 520 | _aA study into the supply of affordable housing in London which provides a model for estimating its financial viability in each London borough. Concludes that a 50% affordable housing target is achievable but increased public subsidy will be necessary for the majority of boroughs. | ||
| 650 |
_aAffordable housing _96215 |
||
| 650 | _aLONDON | ||
| 650 | _aSOCIAL HOUSING | ||
| 690 | _aHOUSING-DEVELOPMENT | ||
| 700 | _aCousins, Lin | ||
| 700 | _aDunmore, Kathleen | ||
| 700 | _aOxley, Michael | ||
| 700 | _aGolland, Andrew | ||
| 710 |
_aNottingham Trent University _bCentre for Residential Development _94681 |
||
| 856 |
_uhttps://www.london.gov.uk/gla/publications/housing.jsp _zView the report at www.london.gov.uk... |
||
| 942 | _n0 | ||
| 999 |
_c104106 _d104106 |
||